[Event "SVR-op 35th"]
[Site "Nickenich"]
[Date "2012.04.07"]
[Round "7"]
[White "Armesto, Julio"]
[Black "Keller, Gerhard"]
[Result "0-1"]
[WhiteElo "1664"]
[BlackElo "1882"]
[PlyCount "110"]
[EventDate "2012.03.30"]
[EventType "swiss"]
[EventRounds "7"]
[EventCountry "GER"]
[SourceTitle "EXT 2013"]
[Source "ChessBase"]
[SourceDate "2012.11.22"]
[SourceVersion "1"]
[SourceVersionDate "2012.11.22"]
[SourceQuality "1"]

1. d4 Nf6 2. c4 g6 3. Nc3 Bg7 4. e4 d6 5. f3 0-0 6. Nge2 e5 7. d5 Nh5 8. Be3 f5 9. g3 fxe4 10. fxe4 Nd7 11. Bh3 Nb6 12. Bxc8 Qxc8 13. b3 Nf6 14. h3 Nbd7 15. Qc2 c5 16. 0-0-0 a6 17. g4 b5 18. cxb5 c4 19. b4 axb5 20. Nxb5 Qa6 21. Nec3 Rfb8 22. a4 Ne8 23. Rhf1 Nb6 24. a5 Nd7 25. Qa4 Rb7 26. Na3 Ndf6 27. g5 Nd7 28. Rf2 Rd8 29. Qc6 Qa8 30. Rb2 Rdb8 31. a6 Nb6 32. axb7 Qxa3 33. Bxb6 Qxc3+ 34. Kb1 Qa3 35. Qxc4 Rxb7 36. Ba5 Qa4 37. Rf1 Qd7 38. Qc6 Qe7 39. Rbf2 Rb8 40. h4 h6 41. b5 hxg5 42. hxg5 Qxg5 43. Qd7 Nf6 44. Qe6+ Kh7 45. Rh2+ Nh5 46. Bd2 Rxb5+ 47. Ka2 Qg3 48. Rxh5+ gxh5 49. Qf5+ Qg6 50. Qd7 Rc5 51. Qa4 Qg4 52. Rf5 Qe2 53. Qb4 Qa6+ 54. Qa3 Rc2+ 55. Kb3 Qc4# 0-1

[Event "SVR-op 35th"]
[Site "Nickenich"]
[Date "2012.04.05"]
[Round "4"]
[White "Kottemer, Juergen"]
[Black "Armesto, Julio"]
[Result "1-0"]
[WhiteElo "2070"]
[BlackElo "1664"]
[PlyCount "89"]
[EventDate "2012.03.30"]
[EventType "swiss"]
[EventRounds "7"]
[EventCountry "GER"]
[SourceTitle "EXT 2013"]
[Source "ChessBase"]
[SourceDate "2012.11.22"]
[SourceVersion "1"]
[SourceVersionDate "2012.11.22"]
[SourceQuality "1"]

1. d4 Nf6 2. c4 g6 3. Nc3 d5 4. cxd5 Nxd5 5. e4 Nxc3 6. bxc3 Bg7 7. Be3 0-0 8. Qd2 c5 9. Rc1 Qa5 10. Nf3 Rd8 11. h3 Nc6 12. d5 e6 13. c4 Qxd2+ 14. Bxd2 Nd4 15. Nxd4 Bxd4 16. Bc3 e5 17. Bxd4 exd4 18. Bd3 Re8 19. Kd2 g5 20. g3 g4 21. hxg4 Bxg4 22. Rh4 h5 23. Rf1 f5 24. f3 fxe4 25. Bxe4 Rf8 26. f4 Rae8 27. Bf3 Bxf3 28. Rxf3 Rf5 29. g4 hxg4 30. Rxg4+ Kf8 31. Rh3 Rf7 32. d6 Rd7 33. Rh8+ Kf7 34. Rh7+ Ke6 35. Rg6+ Kf5 36. Rxd7 Kxg6 37. Rxb7 Rd8 38. d7 Kf5 39. Rxa7 Kxf4 40. Rc7 Ke4 41. a4 d3 42. a5 Kd4 43. a6 Kxc4 44. a7 Kd4 45. Rc8 1-0